[Event "Isthmia 2011"]
[Site "Vrachati"]
[Date "2011.08.20"]
[Round "3.21"]
[White "Pavlidou, Ekaterini"]
[Black "Karaoulanis, Dimitrios"]
[Result "1/2-1/2"]
[WhiteElo "2220"]
[BlackElo "1982"]
[PlyCount "94"]
[EventDate "2011.08.18"]

1. d4 d5 2. c4 e6 3. Nc3 c5 4. e3 Nf6 5. Nf3 a6 6. h3 dxc4 7. Bxc4 b5 8. Bd3
Nc6 9. O-O Bb7 10. a3 h6 11. Qe2 Be7 12. Rd1 cxd4 13. exd4 O-O 14. Bc2 b4 15.
Ne4 Nd5 16. Ng3 Bd6 17. Nh5 Re8 18. Ne5 Bxe5 19. dxe5 Qh4 20. f4 g6 21. Nf6+
Nxf6 22. exf6 Qxf6 23. Qf2 Rad8 24. Be3 Qxb2 25. Rdb1 Qc3 26. axb4 Nxb4 27. Ba4
Nd3 28. Qh4 Nc5 29. Bxe8 Qxe3+ 30. Kh2 Rxe8 31. Qxh6 e5 32. Re1 Qf2 33. Qg5 Nd3
34. Rf1 Qxg2+ 35. Qxg2 Bxg2 36. Kxg2 Nxf4+ 37. Kg3 Re6 38. Ra5 Kg7 39. Rfa1 Kf6
40. Kg4 Rc6 41. Rxa6 Rxa6 42. Rxa6+ Ne6 43. h4 e4 44. Ra5 Kg7 45. Ra7 Kf6 46.
Ra5 Kg7 47. Ra7 Kf6 1/2-1/2

[Event "Isthmia 2011"]
[Site "Vrachati"]
[Date "2011.08.20"]
[Round "3.22"]
[White "Tsokopoulos, Dedalos"]
[Black "Kokolias, Konstantinos"]
[Result "1-0"]
[WhiteElo "1992"]
[BlackElo "2205"]
[PlyCount "73"]
[EventDate "2011.08.18"]

1. e4 e5 2. Nf3 Nc6 3. Bb5 a6 4. Ba4 Nf6 5. O-O Be7 6. Re1 b5 7. Bb3 d6 8. c3
O-O 9. h3 Na5 10. Bc2 c5 11. d4 Qc7 12. Nbd2 cxd4 13. cxd4 Bb7 14. Nf1 Rac8 15.
Bb1 d5 16. dxe5 Nxe4 17. Qd3 Qxc1 18. Rxc1 Rxc1 19. N3d2 Nc4 20. Nxc4 bxc4 21.
Qe3 Rd1 22. Qe2 Rc1 23. Kh2 d4 24. Bxe4 Rxa1 25. Bxb7 d3 26. Qe4 Rxf1 27. Qxc4
Rd8 28. Bd5 d2 29. Qxf1 Rxd5 30. Qd1 Bb4 31. a3 Ba5 32. b4 Bc7 33. f4 f6 34.
exf6 Bxf4+ 35. g3 Bh6 36. Qe2 gxf6 37. Qe6+ 1-0

[Event "Isthmia 2011"]
[Site "Vrachati"]
[Date "2011.08.20"]
[Round "3.23"]
[White "Valden, Petros"]
[Black "Mihopoulos, Konstantinos"]
[Result "1/2-1/2"]
[WhiteElo "2201"]
[BlackElo "1968"]
[PlyCount "77"]
[EventDate "2011.08.18"]

1. c4 Nf6 2. Nc3 e6 3. Nf3 d5 4. d4 Be7 5. Bg5 h6 6. Bh4 O-O 7. e3 b6 8. Be2
Bb7 9. Bxf6 Bxf6 10. cxd5 exd5 11. O-O Nd7 12. b4 c5 13. bxc5 bxc5 14. Qb3 cxd4
15. Nxd4 Rb8 16. Qa4 a6 17. Rfc1 Nc5 18. Qd1 Ne6 19. Rab1 Bxd4 20. exd4 Qf6 21.
Rb4 a5 22. Ra4 Bc6 23. Rxa5 Nxd4 24. Bf1 Rb2 25. Ne2 Nxe2+ 26. Bxe2 d4 27. Ra6
Qe5 28. Raxc6 Rxe2 29. R6c2 Re8 30. Rxe2 Qxe2 31. Qxe2 Rxe2 32. Ra1 Rc2 33. Kf1
d3 34. Ke1 Re2+ 35. Kf1 Rc2 36. a4 d2 37. Rd1 Ra2 38. Ke2 Rxa4 39. Rxd2 1/2-1/2

[Event "Isthmia 2011"]
[Site "Vrachati"]
[Date "2011.08.20"]
[Round "3.24"]
[White "Lappas, Konstantinos"]
[Black "Papadimitriou, Athanasios"]
[Result "0-1"]
[WhiteElo "1972"]
[BlackElo "2184"]
[PlyCount "90"]
[EventDate "2011.08.18"]

1. e4 d5 2. exd5 Nf6 3. Bb5+ Bd7 4. Bc4 Bf5 5. Nc3 Nbd7 6. Qf3 g6 7. d3 Bg7 8.
h3 h5 9. Bg5 a6 10. a4 O-O 11. Nge2 Ne5 12. Qf4 Qd6 13. O-O Nh7 14. Bh4 Qb4 15.
Ra3 Qxb2 16. Ra2 Qb4 17. Rb1 Qd6 18. Rxb7 Rab8 19. Rab2 Rxb7 20. Rxb7 Bc8 21.
Rb3 f5 22. f3 Kh8 23. Qe3 f4 24. Qa7 g5 25. Bf2 g4 26. hxg4 hxg4 27. fxg4 f3
28. Ng3 Nxg4 29. Nce4 Qf4 30. gxf3 Qxf3 31. d4 Qd1+ 32. Bf1 Nxf2 33. Nxf2 Bxd4
34. Qxc7 Bxf2+ 35. Kh2 Bxg3+ 36. Rxg3 Qxf1 37. Rg2 Qf6 38. Qg3 Bf5 39. Rf2 Ng5
40. Qh4+ Kg7 41. Qf4 Rh8+ 42. Kg2 Be4+ 43. Kf1 Rh1+ 44. Ke2 Bf3+ 45. Rxf3 Nxf3
0-1

[Event "Isthmia 2011"]
[Site "Vrachati"]
[Date "2011.08.20"]
[Round "3.25"]
[White "Kostouros, Alexandros"]
[Black "Stamos, Filippos"]
[Result "1/2-1/2"]
[WhiteElo "2166"]
[BlackElo "1914"]
[PlyCount "95"]
[EventDate "2011.08.18"]

1. e4 c5 2. c3 d5 3. exd5 Qxd5 4. Nf3 Nc6 5. d4 Bg4 6. Be2 cxd4 7. cxd4 e6 8.
O-O Nf6 9. Nc3 Qa5 10. Qb3 Qb4 11. Qxb4 Nxb4 12. Bg5 Bd6 13. Bb5+ Ke7 14. Ne5
Bf5 15. a3 Nc2 16. Rad1 h6 17. Bh4 Rac8 18. Nc4 Bb8 19. d5 a6 20. d6+ Kf8 21.
Nb6 Rd8 22. Bd3 Nd4 23. Bxa6 bxa6 24. Rxd4 Rxd6 25. Rxd6 Bxd6 26. Nc8 Bc7 27.
Rd1 g5 28. Bg3 Bxg3 29. hxg3 Kg7 30. Ne7 Bc2 31. Rd6 Re8 32. Nc6 Ne4 33. Nxe4
Bxe4 34. Ne5 a5 35. Rd7 Bg6 36. Rb7 a4 37. Nxg6 Kxg6 38. Rb4 Ra8 39. g4 f5 40.
f3 fxg4 41. fxg4 Kf6 42. Kh2 Ke5 43. Kg3 Kd5 44. Rb5+ Kc6 45. Rb4 Kd5 46. Rb5+
Kc6 47. Re5 Kd6 48. Rb5 1/2-1/2

[Event "Isthmia 2011"]
[Site "Vrachati"]
[Date "2011.08.20"]
[Round "3.26"]
[White "Kaldis, Georgios"]
[Black "Spirakopoulos, Ioannis"]
[Result "0-1"]
[WhiteElo "1945"]
[BlackElo "2155"]
[PlyCount "76"]
[EventDate "2011.08.18"]

1. e4 e6 2. d4 d5 3. Nc3 Bb4 4. e5 c5 5. Bd2 Ne7 6. Nb5 Bxd2+ 7. Qxd2 O-O 8. f4
Nbc6 9. Nf3 a6 10. Nd6 cxd4 11. Bd3 f6 12. O-O fxe5 13. fxe5 Ng6 14. Bxg6 hxg6
15. Ng5 Nxe5 16. Rxf8+ Qxf8 17. Nxc8 Qc5 18. b4 Qxc8 19. Re1 Nf7 20. Nxe6 Qc3
21. Qxc3 dxc3 22. Rd1 Re8 23. Nf4 d4 24. Kf2 Re4 25. Ne2 d3 26. Rxd3 Rxb4 27.
Rxc3 Rb2 28. Nd4 Rxa2 29. Rc8+ Kh7 30. Rc7 Nd6 31. Kf3 Rb2 32. c4 a5 33. c5 Nb5
34. Nxb5 Rxb5 35. Ke4 a4 36. Kd4 a3 37. Re7 a2 38. Re1 Rb1 0-1

[Event "Isthmia 2011"]
[Site "Vrachati"]
[Date "2011.08.20"]
[Round "3.27"]
[White "Kouvatsos, Filippos"]
[Black "Gkikas, Hristos"]
[Result "1/2-1/2"]
[WhiteElo "2152"]
[BlackElo "1853"]
[PlyCount "86"]
[EventDate "2011.08.18"]

1. d4 Nf6 2. Nf3 b6 3. e3 e6 4. Bd3 Bb7 5. O-O c5 6. Nbd2 Nc6 7. b3 d5 8. Bb2
Bd6 9. Ne5 O-O 10. f4 Rc8 11. a3 Ne7 12. c4 Ne4 13. Nxe4 dxe4 14. Be2 Nf5 15.
Qc1 Qc7 16. Qc3 f6 17. Ng4 h5 18. Nf2 cxd4 19. exd4 Bxf4 20. g3 Bxg3 21. hxg3
e3 22. Nh1 Bxh1 23. Kxh1 Nxg3+ 24. Kg2 Nf5 25. Rxf5 exf5 26. Qxe3 Rce8 27. Qf2
h4 28. Bf3 g5 29. Rg1 g4 30. Bd5+ Kg7 31. Kh1 Kg6 32. Bc1 Re7 33. Qf3 Re1 34.
Qf4 Qxf4 35. Bxf4 Rfe8 36. c5 g3 37. Bf3 Rxg1+ 38. Kxg1 bxc5 39. dxc5 Re1+ 40.
Kg2 Rb1 41. c6 Rb2+ 42. Kg1 Rb1+ 43. Kg2 Rb2+ 1/2-1/2

[Event "Isthmia 2011"]
[Site "Vrachati"]
[Date "2011.08.20"]
[Round "3.28"]
[White "Spiliadis, Athanasios"]
[Black "Gripeos, Kiriakos"]
[Result "0-1"]
[WhiteElo "1896"]
[BlackElo "2127"]
[PlyCount "36"]
[EventDate "2011.08.18"]

1. e4 c5 2. c3 d5 3. exd5 Qxd5 4. d4 Nf6 5. Nf3 e6 6. Be2 Nc6 7. O-O cxd4 8.
cxd4 Be7 9. Nc3 Qd6 10. Qa4 O-O 11. Bg5 Bd7 12. a3 Rfd8 13. Bxf6 Bxf6 14. Ne4
Qe7 15. Nxf6+ Qxf6 16. Rfe1 Be8 17. Rad1 Nxd4 18. Qc4 Bb5 0-1

[Event "Isthmia 2011"]
[Site "Vrachati"]
[Date "2011.08.20"]
[Round "3.29"]
[White "Stoumbou, Eleni"]
[Black "Skiadopoulos, Nikolaos"]
[Result "1/2-1/2"]
[WhiteElo "1873"]
[BlackElo "2111"]
[PlyCount "103"]
[EventDate "2011.08.18"]

1. e4 c5 2. Nf3 Nc6 3. d4 cxd4 4. Nxd4 e5 5. Nb5 d6 6. N1c3 a6 7. Na3 b5 8. Nd5
Nce7 9. c4 Nxd5 10. exd5 Be7 11. cxb5 Nf6 12. Be2 O-O 13. O-O Bb7 14. Bc4 Qd7
15. bxa6 Rxa6 16. Bxa6 Bxa6 17. Bg5 Qf5 18. Bxf6 Bxf6 19. Re1 e4 20. Qa4 Bd3
21. Nc4 Qxd5 22. Rac1 Qd4 23. Qb3 d5 24. Ne3 Rd8 25. Qb7 Qxb2 26. Qxb2 Bxb2 27.
Rc5 d4 28. Rd5 Re8 29. Nf5 Bc3 30. Rc1 Bc4 31. Rxd4 Bxd4 32. Rxc4 Be5 33. g3 g6
34. Ne3 f5 35. a4 Kf7 36. Rb4 h5 37. h4 Rd8 38. Rb5 Ke6 39. Rb6+ Kf7 40. Kf1
Bd4 41. Rb7+ Kf6 42. Ke2 Bc3 43. Rb5 Rd2+ 44. Kf1 Ke6 45. a5 Bd4 46. Rb4 Bxe3
47. fxe3 Ra2 48. Rb6+ Kd5 49. a6 Kc4 50. Rd6 Kc3 51. Ke1 Ra1+ 52. Ke2 1/2-1/2

[Event "Isthmia 2011"]
[Site "Vrachati"]
[Date "2011.08.20"]
[Round "3.30"]
[White "Michelakos, Panagiotis"]
[Black "Amiridou, Dimitra"]
[Result "1-0"]
[WhiteElo "2111"]
[BlackElo "1664"]
[PlyCount "59"]
[EventDate "2011.08.18"]

1. d4 Nf6 2. c4 g6 3. Nc3 d5 4. Bf4 Bg7 5. e3 c5 6. dxc5 Qa5 7. Qd2 dxc4 8.
Bxc4 Qxc5 9. Nb5 Na6 10. Rc1 Qb6 11. Bc7 Nxc7 12. Nxc7+ Qxc7 13. Bxf7+ Kxf7 14.
Rxc7 Be6 15. Nf3 Rhd8 16. Ng5+ Kg8 17. Qxd8+ Rxd8 18. Nxe6 Nd5 19. Rxe7 Nxe7
20. Nxd8 Bxb2 21. Nxb7 Ba3 22. Ke2 Nd5 23. Kd3 Kf7 24. Kc4 Nb6+ 25. Kb5 Ke7 26.
Rd1 Nd7 27. Rd3 Bb2 28. a4 Be5 29. f4 Bc7 30. Kc6 1-0

[Event "Isthmia 2011"]
[Site "Vrachati"]
[Date "2011.08.21"]
[Round "4.1"]
[White "Kasparov, Sergey"]
[Black "Kotronias, Vasilios"]
[Result "1/2-1/2"]
[WhiteElo "2503"]
[BlackElo "2588"]
[PlyCount "118"]
[EventDate "2011.08.18"]

1. e4 c5 2. Nf3 Nc6 3. Bb5 d6 4. O-O Bd7 5. Re1 Nf6 6. c3 a6 7. Bf1 Bg4 8. d3
e6 9. h3 Bh5 10. Nbd2 Nd7 11. Be2 Be7 12. Nh2 Bxe2 13. Qxe2 b5 14. f4 O-O 15.
Nhf3 Bf6 16. Nf1 b4 17. c4 Nd4 18. Nxd4 Bxd4+ 19. Kh1 f5 20. Nh2 fxe4 21. Qxe4
Nf6 22. Qe2 e5 23. fxe5 Bxe5 24. Bg5 Qe8 25. Nf3 Nh5 26. Qd2 Ng3+ 27. Kg1 Rxf3
28. gxf3 Qg6 29. Qg2 Nf5 30. Re4 Bxb2 31. Qxb2 Qxg5+ 32. Qg2 Qxg2+ 33. Kxg2 a5
34. Kf2 Kf7 35. Rae1 a4 36. Rb1 Rb8 37. Rf4 g6 38. Re4 Kf6 39. Rbe1 b3 40. axb3
Rxb3 41. Rd1 a3 42. Rd2 Nd4 43. Re8 Kg5 44. Ra8 Nf5 45. Ke2 Kf4 46. Kf2 Ke5 47.
Ra2 Rxd3 48. R8xa3 Rxa3 49. Rxa3 Kd4 50. Ra4 Kc3 51. f4 h5 52. Ra8 Kxc4 53. Rg8
Kd3 54. Rxg6 c4 55. Ke1 h4 56. Re6 c3 57. Kd1 Nd4 58. Rxd6 c2+ 59. Kc1 Kc3
1/2-1/2

[Event "Isthmia 2011"]
[Site "Vrachati"]
[Date "2011.08.21"]
[Round "4.2"]
[White "Baklan, Vladimir"]
[Black "Sethuraman, S P."]
[Result "1-0"]
[WhiteElo "2620"]
[BlackElo "2529"]
[PlyCount "83"]
[EventDate "2011.08.18"]

1. e4 e5 2. Nf3 Nc6 3. Bb5 Nf6 4. O-O Nxe4 5. Re1 Nd6 6. Nxe5 Be7 7. Bd3 Nxe5
8. Rxe5 O-O 9. c3 Ne8 10. Bc2 d5 11. d4 Bd6 12. Re1 Qh4 13. g3 Qh3 14. Qf3 Bg4
15. Qg2 Qh5 16. Nd2 Nf6 17. f3 Bh3 18. Qf2 Rae8 19. Rxe8 Rxe8 20. Nf1 Bf5 21.
Bxf5 Qxf5 22. Be3 a5 23. a4 h6 24. g4 Qd3 25. h3 b5 26. axb5 Qxb5 27. Qc2 c5
28. Kf2 Nd7 29. Rd1 Nb6 30. dxc5 Bxc5 31. Bxc5 Qxc5+ 32. Kg2 Qb5 33. Kf2 Nc4
34. b3 Na3 35. Qd3 Qxb3 36. Qxd5 Qxc3 37. Qd7 Qe5 38. Qc6 Qe2+ 39. Kg1 Rb8 40.
Qc7 Rb2 41. Qc8+ Kh7 42. Qf5+ 1-0

[Event "Isthmia 2011"]
[Site "Vrachati"]
[Date "2011.08.21"]
[Round "4.3"]
[White "Tiviakov, Sergei"]
[Black "Nikolaidis, Ioannis"]
[Result "1-0"]
[WhiteElo "2623"]
[BlackElo "2545"]
[PlyCount "73"]
[EventDate "2011.08.18"]

1. e4 g6 2. d4 Bg7 3. c3 d6 4. Nf3 Nf6 5. Bd3 Nbd7 6. O-O e5 7. Bg5 h6 8. Bh4
exd4 9. Nxd4 O-O 10. Nd2 a6 11. a4 d5 12. exd5 Ne5 13. Bxf6 Qxf6 14. Bc2 Bg4
15. Ne4 Qb6 16. f3 Bd7 17. a5 Qa7 18. b4 Bb5 19. Rf2 Bc4 20. f4 Nd7 21. f5 Rae8
22. d6 c5 23. bxc5 Nxc5 24. Ng3 Nd7 25. fxg6 fxg6 26. Bxg6 Re6 27. Ngf5 Rxg6
28. Ne7+ Kh7 29. Nxg6 Rxf2 30. Kxf2 Nc5 31. Qg4 Bd3 32. Nf4 Ne4+ 33. Ke3 Nxc3
34. Nfe6 Bg6 35. d7 Nd5+ 36. Kd2 Bf6 37. Nf8+ 1-0

[Event "Isthmia 2011"]
[Site "Vrachati"]
[Date "2011.08.21"]
[Round "4.4"]
[White "Atalik, Suat"]
[Black "Shanava, Konstantine"]
[Result "1-0"]
[WhiteElo "2619"]
[BlackElo "2535"]
[PlyCount "93"]
[EventDate "2011.08.18"]

1. d4 d6 2. e4 Nf6 3. f3 e5 4. d5 Be7 5. Be3 O-O 6. Ne2 c6 7. c4 a5 8. Nbc3
Nfd7 9. Qd2 Na6 10. g4 Ndc5 11. Ng3 a4 12. Kf2 Qa5 13. h4 Nc7 14. Rd1 cxd5 15.
Nxd5 Nxd5 16. cxd5 Bd7 17. Qxa5 Rxa5 18. Nf5 Re8 19. Nxe7+ Rxe7 20. Rc1 f6 21.
Bc4 Kf8 22. b4 axb3 23. axb3 Ra2+ 24. Kg3 b5 25. Bxc5 dxc5 26. d6 Re8 27. Bd5
Rc8 28. g5 Ra7 29. f4 exf4+ 30. Kxf4 Be8 31. e5 fxe5+ 32. Kxe5 Bf7 33. Bxf7
Kxf7 34. h5 Ra2 35. Rhd1 c4 36. bxc4 Rc5+ 37. Rd5 Re2+ 38. Kd4 Rc8 39. d7 Rd8
40. cxb5 Ke7 41. Re5+ Rxe5 42. Kxe5 Rb8 43. Rb1 Rb6 44. Kd5 Kxd7 45. Kc5 Re6
46. b6 Kc8 47. Rf1 1-0

[Event "Isthmia 2011"]
[Site "Vrachati"]
[Date "2011.08.21"]
[Round "4.5"]
[White "Mastrovasilis, Athanasios"]
[Black "Volkov, Sergey"]
[Result "1/2-1/2"]
[WhiteElo "2537"]
[BlackElo "2607"]
[PlyCount "142"]
[EventDate "2011.08.18"]

1. d4 d5 2. c4 c6 3. Nf3 Nf6 4. Nc3 a6 5. a4 e6 6. g3 dxc4 7. Bg2 c5 8. dxc5
Qxd1+ 9. Nxd1 Nc6 10. Ne3 Na5 11. Nd2 c3 12. bxc3 Bxc5 13. Nec4 Nxc4 14. Nxc4
Ke7 15. O-O Rd8 16. Na5 Rd7 17. Nb3 Bd6 18. Rd1 Rc7 19. Rb1 Nd5 20. Bxd5 exd5
21. Rxd5 Rxc3 22. Nd4 Rc5 23. Rxd6 Rxc1+ 24. Rxc1 Kxd6 25. a5 Bd7 26. Rb1 Kc7
27. Rc1+ Bc6 28. e3 Rd8 29. Kf1 Rd5 30. Ra1 Rh5 31. Kg1 Bd7 32. h4 b6 33. axb6+
Kxb6 34. Rb1+ Bb5 35. Kg2 g6 36. f4 Rc5 37. g4 a5 38. Kf3 a4 39. Ra1 Bd7 40. f5
gxf5 41. gxf5 h5 42. Kf4 f6 43. Rb1+ Ka6 44. Rb8 Ka7 45. Rd8 Rc7 46. Ne6 Rb7
47. Nc5 a3 48. Nxb7 a2 49. Rxd7 a1=Q 50. Nd8+ Kb6 51. Rd6+ Kc7 52. Rd4 Qf1+ 53.
Ke4 Qh1+ 54. Kd3 Qb1+ 55. Ke2 Qc2+ 56. Ke1 Qxf5 57. Ke2 Qc2+ 58. Kf3 Qa2 59.
Rd1 Qc4 60. Rd4 Qf1+ 61. Ke4 Qh3 62. Kd3 Qf5+ 63. Ke2 Qb5+ 64. Kf2 Qb3 65. Kf3
Qa2 66. Rd1 Kc8 67. Rd4 f5 68. Nc6 Qe6 69. Nb4 Kb7 70. Nd3 Qg6 71. Kf2 Kc8
1/2-1/2

[Event "Isthmia 2011"]
[Site "Vrachati"]
[Date "2011.08.21"]
[Round "4.6"]
[White "Peralta, Fernando"]
[Black "Jojua, Davit"]
[Result "1/2-1/2"]
[WhiteElo "2601"]
[BlackElo "2505"]
[PlyCount "53"]
[EventDate "2011.08.18"]

1. d4 d5 2. c4 e6 3. Nc3 Be7 4. cxd5 exd5 5. Bf4 c6 6. Qc2 Bd6 7. Bxd6 Qxd6 8.
e3 Ne7 9. Bd3 b6 10. Nf3 Ba6 11. O-O Bxd3 12. Qxd3 O-O 13. e4 dxe4 14. Nxe4 Qd5
15. Qa3 Qxe4 16. Rfe1 Qd5 17. Re5 Qd8 18. Rxe7 c5 19. Ree1 cxd4 20. Rac1 Nd7
21. Nxd4 Nc5 22. Red1 Qf6 23. b4 Ne6 24. Nxe6 Qxe6 25. b5 Qe2 26. Qb3 Rac8 27.
h3 1/2-1/2

[Event "Isthmia 2011"]
[Site "Vrachati"]
[Date "2011.08.21"]
[Round "4.7"]
[White "Shoker, Samy"]
[Black "Solak, Dragan"]
[Result "1/2-1/2"]
[WhiteElo "2475"]
[BlackElo "2598"]
[PlyCount "60"]
[EventDate "2011.08.18"]

1. g3 e5 2. Bg2 d5 3. d3 Nf6 4. Nf3 Bd6 5. c4 c6 6. cxd5 cxd5 7. Nc3 d4 8. Nb1
h6 9. Nbd2 O-O 10. Nc4 Bc7 11. O-O Nc6 12. b4 a6 13. a4 Be6 14. Bb2 Bxc4 15.
dxc4 Nxb4 16. Ba3 a5 17. Rb1 Bd6 18. c5 Bxc5 19. Nxe5 Nfd5 20. Qb3 Nc3 21. Rb2
Qe8 22. Ng6 Qxa4 23. Nxf8 Rxf8 24. e3 b6 25. Qxa4 Nxa4 26. exd4 Nxb2 27. dxc5
Nc4 28. Bxb4 axb4 29. cxb6 Nxb6 30. Rb1 Rd8 1/2-1/2

[Event "Isthmia 2011"]
[Site "Vrachati"]
[Date "2011.08.21"]
[Round "4.8"]
[White "Burmakin, Vladimir"]
[Black "Javakhishvili, Lela"]
[Result "1-0"]
[WhiteElo "2579"]
[BlackElo "2469"]
[PlyCount "83"]
[EventDate "2011.08.18"]

1. Nf3 d5 2. c4 d4 3. b4 f6 4. d3 e5 5. Bd2 a5 6. b5 a4 7. g3 Bc5 8. Bg2 Ne7 9.
a3 Qd6 10. O-O O-O 11. Ne1 c6 12. bxc6 Nbxc6 13. Nc2 Bd7 14. Ra2 Rab8 15. Be1
b5 16. Nd2 f5 17. cxb5 Rxb5 18. Nc4 Qe6 19. Qa1 Rb3 20. Rb2 Rfb8 21. Rxb3 axb3
22. Nb4 Bxb4 23. axb4 Nxb4 24. Bxb4 Rxb4 25. Qa3 Rb8 26. Rb1 Bc6 27. Bxc6 Nxc6
28. Rxb3 Rxb3 29. Qxb3 Kf7 30. Qb5 Kf6 31. Qc5 h6 32. h4 e4 33. dxe4 fxe4 34.
Nd6 d3 35. Qxc6 dxe2 36. Nxe4+ Kf7 37. Qxe6+ Kxe6 38. Nc5+ Kd5 39. Nd3 Kd4 40.
Ne1 g5 41. hxg5 hxg5 42. f3 1-0

[Event "Isthmia 2011"]
[Site "Vrachati"]
[Date "2011.08.21"]
[Round "4.9"]
[White "Rozentalis, Eduardas"]
[Black "Skembris, Spyridon"]
[Result "1/2-1/2"]
[WhiteElo "2571"]
[BlackElo "2475"]
[PlyCount "72"]
[EventDate "2011.08.18"]

1. e4 c6 2. d4 d5 3. Nd2 dxe4 4. Nxe4 Nd7 5. g3 Ngf6 6. Ng5 h6 7. N5f3 e6 8.
Bg2 Bd6 9. Ne2 Qc7 10. O-O b6 11. c4 Bb7 12. Nc3 O-O 13. Re1 a6 14. b3 c5 15.
Bb2 Rfe8 16. d5 exd5 17. Rxe8+ Rxe8 18. Nxd5 Nxd5 19. cxd5 Qd8 20. Qd3 Nf6 21.
Nd2 Be7 22. Rd1 b5 23. Nf1 Bd6 24. Ne3 Bc8 25. h3 Qe7 26. a4 Bd7 27. axb5 axb5
28. Re1 h5 29. Nc2 Qd8 30. Rxe8+ Nxe8 31. h4 Qe7 32. Bf3 Nf6 33. Ne3 Be5 34.
Qd2 Bxb2 35. Qxb2 g6 36. Qa1 Qd6 1/2-1/2

[Event "Isthmia 2011"]
[Site "Vrachati"]
[Date "2011.08.21"]
[Round "4.10"]
[White "Banikas, Hristos"]
[Black "Gripeos, Kiriakos"]
[Result "1-0"]
[WhiteElo "2593"]
[BlackElo "2127"]
[PlyCount "69"]
[EventDate "2011.08.18"]

1. c4 g6 2. d4 Nf6 3. Nc3 Bg7 4. e4 d6 5. h3 O-O 6. Bg5 h6 7. Be3 Nbd7 8. Qd2
c5 9. d5 Kh7 10. Nf3 b5 11. cxb5 a6 12. Qc2 axb5 13. Bxb5 Ba6 14. O-O Bxb5 15.
Nxb5 Ne8 16. a4 Nc7 17. Nxc7 Qxc7 18. Bd4 Qb7 19. Bxg7 Kxg7 20. b3 Qb4 21. Rac1
Rfb8 22. Nd2 Qd4 23. Rfe1 Ne5 24. Re3 Rb4 25. Rd1 Nd7 26. Nc4 Qf6 27. Rf3 Qg5
28. Qc3+ Kg8 29. Rg3 Qf4 30. Rg4 Qf6 31. Qe3 Rxc4 32. bxc4 Ne5 33. Rg3 Rxa4 34.
Qxh6 Rxc4 35. Ra3 1-0

[Event "Isthmia 2011"]
[Site "Vrachati"]
[Date "2011.08.21"]
[Round "4.12"]
[White "Kapnisis, Spyridon"]
[Black "Michelakos, Panagiotis"]
[Result "1-0"]
[WhiteElo "2529"]
[BlackElo "2111"]
[PlyCount "78"]
[EventDate "2011.08.18"]

1. c4 Nf6 2. Nc3 g6 3. g3 Bg7 4. Bg2 O-O 5. e4 d6 6. Nge2 c5 7. d3 Nc6 8. h3 a6
9. Be3 Ne8 10. d4 Qb6 11. dxc5 Qxb2 12. Rc1 Qb4 13. O-O Qxc4 14. a4 Qe6 15. Nd5
Rb8 16. Qb3 Qe5 17. cxd6 Nxd6 18. Bf4 Qb2 19. Qxb2 Bxb2 20. Rb1 Ba3 21. Rb3 Bc5
22. Rc1 b6 23. Rxc5 bxc5 24. Rxb8 Nxb8 25. Nxe7+ Kg7 26. Bxd6 Bd7 27. Nc3 c4
28. Bf1 Rd8 29. Ned5 Nc6 30. Bc7 Re8 31. f4 f6 32. Kf2 Nd4 33. e5 f5 34. Nf6
Re7 35. Bd6 Rf7 36. Bxc4 Be6 37. Bxa6 Ra7 38. Ne8+ Kf7 39. Nc7 Nb3 1-0

[Event "Isthmia 2011"]
[Site "Vrachati"]
[Date "2011.08.21"]
[Round "4.13"]
[White "Del Rio De Angelis, Salvador G"]
[Black "Hrisanthopoulos, Dimitrios"]
[Result "1-0"]
[WhiteElo "2509"]
[BlackElo "2076"]
[PlyCount "63"]
[EventDate "2011.08.18"]

1. d4 Nf6 2. Nf3 e6 3. e3 b6 4. Bd3 Bb7 5. O-O c5 6. c4 Be7 7. Nc3 d5 8. cxd5
exd5 9. b3 O-O 10. Bb2 Nbd7 11. Qe2 Ne4 12. Rfd1 f5 13. dxc5 Nxc3 14. Bxc3 bxc5
15. Ba6 Qb6 16. Bxb7 Qxb7 17. Ne1 Bf6 18. Rac1 Rae8 19. Qd3 Bxc3 20. Rxc3 f4
21. Qxd5+ Qxd5 22. Rxd5 fxe3 23. Rxe3 Rxe3 24. fxe3 Rf7 25. Nd3 Re7 26. Nxc5
Nf6 27. Rd3 Ng4 28. e4 Rc7 29. b4 a5 30. a3 axb4 31. axb4 Ra7 32. Rd8+ 1-0

[Event "Isthmia 2011"]
[Site "Vrachati"]
[Date "2011.08.21"]
[Round "4.14"]
[White "Zeppos, Panagiotis"]
[Black "Galopoulos, Nikolaos"]
[Result "1/2-1/2"]
[WhiteElo "1949"]
[BlackElo "2327"]
[PlyCount "87"]
[EventDate "2011.08.18"]

1. e4 c5 2. Nf3 d6 3. d4 cxd4 4. Nxd4 Nf6 5. Nc3 a6 6. g3 e5 7. Nb3 Be7 8. a4
Be6 9. Bg2 Nbd7 10. O-O Rc8 11. Re1 Nb6 12. Nd2 O-O 13. Nf1 Nc4 14. b3 Na5 15.
Bb2 Qb6 16. Ne3 Rc7 17. Ncd5 Nxd5 18. exd5 Bd7 19. Kh1 Qb4 20. Qd3 Rfc8 21. Ba3
Qd4 22. Red1 Qxd3 23. Rxd3 b6 24. Bb4 Nb7 25. Nc4 Bf5 26. Nxb6 Bxd3 27. Nxc8
Rxc8 28. cxd3 Rc2 29. Kg1 Bd8 30. Be1 Bb6 31. b4 Kf8 32. Bf3 Bd4 33. Rb1 Ke7
34. Bd1 Ra2 35. Bb3 Ra3 36. Bd2 a5 37. Kf1 Kd7 38. bxa5 Nc5 39. Bc4 Kc7 40. Bb4
Rxa4 41. Bxc5 Bxc5 42. a6 Bb6 43. Rc1 Kb8 44. Rc2 1/2-1/2

[Event "Isthmia 2011"]
[Site "Vrachati"]
[Date "2011.08.21"]
[Round "4.15"]
[White "Nikolaidis, Konstantinos"]
[Black "Rigopoulos-Tsigkos, Alexandros"]
[Result "1-0"]
[WhiteElo "2274"]
[BlackElo "2041"]
[PlyCount "93"]
[EventDate "2011.08.18"]

1. d4 d5 2. c4 dxc4 3. e4 e5 4. Nf3 exd4 5. Bxc4 Nc6 6. O-O Be6 7. Bxe6 fxe6 8.
Qb3 Qd7 9. Qxb7 Rb8 10. Qa6 Nf6 11. Nbd2 Bc5 12. b3 O-O 13. Bb2 Bb6 14. Ba3
Rfe8 15. Rac1 d3 16. Qa4 Nd4 17. Qxd7 Ne2+ 18. Kh1 Nxd7 19. Rc6 Nf6 20. h3 Rbd8
21. Kh2 Rd7 22. g3 Nd4 23. Nxd4 Rxd4 24. f3 Nd7 25. Kg2 Ne5 26. Rcc1 Rd7 27.
Rfd1 g5 28. Bb2 Ng6 29. Nc4 Kf7 30. Rd2 h5 31. Rf1 e5 32. Rfd1 Red8 33. Bxe5
Ke6 34. f4 gxf4 35. gxf4 Nxe5 36. Nxe5 Rg7+ 37. Kf3 Rdg8 38. Ng6 Rxg6 39. f5+
Ke5 40. fxg6 Rxg6 41. Rxd3 Rf6+ 42. Kg3 Kxe4 43. R3d2 Rf3+ 44. Kh4 Be3 45. Re2
Kf5 46. Rd5+ Ke4 47. Rd7 1-0

[Event "Isthmia 2011"]
[Site "Vrachati"]
[Date "2011.08.21"]
[Round "4.16"]
[White "Filippas, Sebastian"]
[Black "Tsokopoulos, Dedalos"]
[Result "1-0"]
[WhiteElo "2246"]
[BlackElo "1992"]
[PlyCount "53"]
[EventDate "2011.08.18"]

1. d4 Nf6 2. c4 d6 3. Nc3 g6 4. e4 Bg7 5. Nf3 O-O 6. Be2 e5 7. Be3 Nc6 8. d5
Ne7 9. Nd2 Nd7 10. b4 f5 11. f3 f4 12. Bf2 g5 13. c5 Nf6 14. Nc4 Ng6 15. cxd6
cxd6 16. Nb5 a6 17. Nbxd6 b5 18. Nxc8 Qxc8 19. Nd2 g4 20. Rc1 Qd7 21. fxg4 Rac8
22. Rxc8 Rxc8 23. g5 Ne8 24. Bg4 Qc7 25. Bxc8 Qxc8 26. O-O Qc3 27. Qb3 1-0

[Event "Isthmia 2011"]
[Site "Vrachati"]
[Date "2011.08.21"]
[Round "4.17"]
[White "Spirakopoulos, Ioannis"]
[Black "Azis, Azizis Ektoras"]
[Result "1/2-1/2"]
[WhiteElo "2155"]
[BlackElo "2246"]
[PlyCount "120"]
[EventDate "2011.08.18"]

1. e4 g6 2. d4 Bg7 3. c4 d6 4. Nc3 Nf6 5. Nf3 O-O 6. Be2 Na6 7. Bg5 c5 8. d5
Nc7 9. O-O Rb8 10. a4 b6 11. Re1 e5 12. dxe6 Nxe6 13. Bh4 Bb7 14. Bf1 Qd7 15.
Qd2 Ng4 16. Rad1 Ne5 17. Nxe5 Bxe5 18. Bg3 Nd4 19. f4 Bg7 20. Nb5 f5 21. e5 Bf3
22. Rc1 Nb3 23. Qc3 Nxc1 24. Qxf3 Na2 25. Qd5+ Kh8 26. Bh4 Nb4 27. Qxd6 Qxd6
28. Nxd6 Nc2 29. Rc1 Nd4 30. Be7 Rfe8 31. Nxe8 Rxe8 32. Bd6 Bf8 33. Bxf8 Rxf8
34. Kf2 a5 35. g3 Kg7 36. Bg2 Kf7 37. Bd5+ Ke7 38. h3 h6 39. Rg1 h5 40. Rg2 Nc2
41. Ke2 Nd4+ 42. Ke3 Rh8 43. Kf2 Rf8 44. Kg1 Kd8 45. Rf2 Ke7 46. Kg2 Rh8 47. g4
hxg4 48. hxg4 Kf8 49. Kg3 Kg7 50. gxf5 gxf5 51. Rg2 Rh6 52. Kf2+ Kf8 53. Rg8+
Ke7 54. Rg7+ Kd8 55. Rb7 Kc8 56. Rf7 Rh2+ 57. Bg2 Rh4 58. Ke3 Nc2+ 59. Kd2 Nd4
60. Ke3 Nc2+ 1/2-1/2